Quizzes
Events
Quiz Creation
Community
Videos
Private Events
Remove Ads
Sign In
Join for FREE
Feedback
Dark Mode
Quiz Categories
Sports
Geography
Music
Movies
Television
Just For Fun
Miscellaneous
History
Literature
Language
Science
Gaming
Entertainment
Religion
Holiday
For Kids
Quiz Lab
Recent
Popular Today
Quiz Kudos Today
Editor Picks
Curator Picks
Quizzes by...
Day
Popularity
Type
Ratings
Length
Year
Community
Subscriptions
Recent Discussions
Orange Saloon
Badges
Playlists
Quests
Create
Leaderboards
Showdown
Live 5
Trivia Bingo
Activity
Puzzle Library
Sporcle Events
Private Events
Virtual Trivia
Globe League
Become a Host
Pub Owners
SporcleCon
Opinionation
Our Games
Videos
Blog
Mobile Apps
Partnerships
Remove Ads and Go Orange
Feedback
Science
Computer
Plants
Astronomy
Chemistry
Elements
Math
Animal
Physics
Anatomy
Biology
Geology
General Science
Science
Computer
Plants
Astronomy
Chemistry
Elements
Math
Animal
Physics
Anatomy
Biology
Geology
General Science
Random Quiz
Search Sporcle
×
Quiz Lab
Quiz Lab
Science
Anatomy
Type in answers that appear in a list
Type in answers that appear in a list
Classic
Best Score? Go Orange.
Coronary Vessels Quiz Stats
Can you name the Coronary Vessels ?
By
thebrend88
12m
20 Questions
14.3K Plays
14,329 Plays
14,329 Plays
Comments
Comments
Give Quiz Kudos
Give Quiz Kudos
-
- Ratings
hide this ad
Forced Order
Answers have to be entered in order
Answers have to be entered in order
Replay
Link that replays current quiz
Next Quiz
Link to next quiz in quiz playlist
You Got
0%
They Got
Avg Score
56%
Avg Friend Score
Upgrade to see
Score Distribution
Jump to the score distribution portion of the page
Score
0/20
Timer
12:00
0
Plays Today
Hint
Vessel
% Correct
1)Great vessel, exits left ventricle carrying oxygenated blood
Arch of aorta
96.4%
2)Great vessel, exits right ventricle carrying deoxygenated blood to the lungs
Pulmonary artery
92.8%
4)Ear-
like extension of left atria
Left auricle
74.7%
9) Vein draining lower body
Inferior Vena Cava
74.7%
8) Dull point of heart
Apex
72.1%
13) Vein draining upper body
superior vena cava
72%
3) One of the main arteries supplying the heart. Runs in AV sulcus, posterior to pulmonary trunk
Left Coronary Artery
68.5%
5) Artery that runs in AV sulcus and crosses left margin of heart.
Circumflex Branch
63.7%
12) Ear-
like extension off of right atria
Right auricle
63.6%
11) Main artery of heart coming off of aorta and running in front of SVC
Right coronary artery
59.6%
Hint
Vessel
% Correct
17) Main venous drainage of heart, drains directly into right atria
Coronary sinus
56.6%
20) Great vessels, enter left atrium with oxygenated blood from lungs
Pulmonary Veins
54.8%
16) Artery running in IV sulcus on posterior heart, runs to apex.
Posterior interventricular artery
43.4%
7) Arterial branch running in Interventricular sulcus
Anterior interventricular artery
42.9%
15) Vein draining posterior heart wall, runs in posterior IV sulcus
Middle Cardiac Vein
39.4%
19) Vein running in AV sulcus
Great cardiac vein
38.7%
18) Vein running in AV sulcus anterior to IVC, runs on margin of heart
Small cardiac vein
32.4%
6) Diagonal Branch
Diagonal Branch
28.5%
14) Left marginal vein
left marginal vein
28.3%
10) Arterial branch that runs on inferior edge of heart
Right Marginal branch
25.5%
Quiz Playlist
Details
Report
Send in Message
Add To Playlist
Classic:
Type in answers that appear in a list
Forced Order:
Answers have to be entered in order
Last Updated: Feb 16, 2017
Quiz Scoreboard
CHALLENGE
Sign Up to Join the Scoreboard
Show All
Scores
Hide
Comments
May contain spoilers
Recently Published
Click the 1999 NBA Draft
by nibperrychub
Sports
2m
Alphabetical 'K' Countries by Flag Minefield
by ylime102
Geography
3m
Pick 6: Fruits
by JohnFran
Miscellaneous
15s
More to Explore
Quiz From the Vault
Featured Blog Post
15 Basketball Trivia Facts You Can Be March Mad About
hide this ad
You Might Also Like...
Tags
Anatomy Quiz
Today's Top Quizzes in Science
Browse Science
hide this ad
Today's Top Quizzes in Anatomy
Browse Anatomy
Top Contributed Quizzes in Science
1
Pick 6: Animals
2
Square Numbers Scrambled (1-50)
3
Label the heart
4
Group Clicking: Animals II
5
Trigonometric Exact Values
6
Flowers by Accent Chairs
7
Identify the Leukocytes (White Blood Cells)
8
Find the Spring Animals
9
Needlepoint Flowers
10
Organic Chemistry Faculty Quiz
Explore More
Trending Topics
Marvel
Harry Potter
Anime
Kpop
Crossword
Disney
NBA
Pokémon
Soccer
NFL
Song
Country
The Office
Puzzle
WWE
hide this ad
More By:
thebrend88
Quiz
Plays
Rating
Category
Featured
Created
Coronary Vessels Quiz
14,329
4.50
Science
Nov 15, 2010
Diaphragm Anatomy
359
Science
Nov 15, 2010
Patho Medication Type Quiz
57
Science
Dec 12, 2010
Patho Meds Side Effects
31
Science
Dec 12, 2010
Go to Creator's Profile
Score Distribution
Quiz Creator Spotlight
thebrend88
Follow
Send a Message
Quizzes Created
-
Created Quiz Play Count
-
More By This Creator
Popular Quizzes Today
1
Find the US States - No Outlines Minefield
2
Countries of Asia Without Outlines Minefield
3
Pick 6: Fruits
4
The Countries of the World
5
Alphabetical 'K' Countries by Flag Minefield
6
Click the 1999 NBA Draft
7
Match the Book to the Film X
8
Find the US States
More Science Quizzes
Numbers That Equal 13
Published
Trending Quizzes
Pick 6: Harry Potter
Pick 6: Mountains
Pick 6: NFL Teams
Pick 6: Movie Franchises
Pick 6: Golfers
Recently Updated
Women's Final Four Teams by Year
bhenderson79
Presidents Quartet II
eogle
Anything But Clue(do)
eogle
Anything But Oceanian Capitals
eogle
Anything But 7
eogle
Anything But Thing
eogle
Word Ladder: February 29
pecheneg
Song Title Questions
pecheneg
Women's NCAA Tournament #1 Seeds
pecheneg
Celebrity Mug Shots
pecheneg
Trending Topics
Harry Potter
Anime
NBA
Marvel
Kpop
Crossword
Disney
WWE
Song
Pokémon
Soccer
Puzzle
The Office
Country
NFL
Your Account Isn't Verified!
In order to create a playlist on Sporcle, you need to verify the email address you used during registration. Go to your
Sporcle Settings
to finish the process.
Report this User
Report this user for behavior that violates our
Community Guidelines
.
Details:
Send Report
Go to the Sporcle.com Mobile Site →
Comments